[Event "Deutsche Ländermeisterschaft 2022"]
[Site "Wiesbaden GER"]
[Date "2022.10.01"]
[Round "2"]
[White "Müller, Magnus"]
[Black "Geltz, Noah"]
[Result "0-1"]
[Termination "normal"]
[Board "6.2"]
[WhiteElo "2004"]
[BlackElo "2142"]
[WhiteClock "00:41:12"]
[BlackClock "00:10:57"]
[WhiteTeam "Thüringen"]
[BlackTeam "Württemberg"]
[PlyCount "130"]
[WhiteFideId "16230060"]
[BlackFideId "16224256"]
[EventCountry "GER"]
[EventRounds "7"]
[EventType "team-swiss"]
[EventDate "2022.09.30"]

1. d4 {[%clk 01:30:35]} {[%emt 00:00:24]} d5 {[%clk 01:29:43]} {[%emt
00:01:17]} 2. c4 {[%clk 01:30:05]} {[%emt 00:01:00]} e6 {[%emt 00:01:21]} 3.
Nf3 {[%clk 01:29:57]} {[%emt 00:00:36]} a6 {[%clk 01:29:11]} {[%emt 00:00:14]}
4. Bg5 {[%clk 01:30:23]} {[%emt 00:00:04]} Be7 {[%clk 01:29:30]} {[%emt
00:00:11]} 5. Bxe7 {[%clk 01:30:48]} {[%emt 00:00:05]} Qxe7 {[%clk 01:29:47]}
{[%emt 00:00:12]} 6. Nbd2 {[%clk 01:31:13]} {[%emt 00:00:04]} Nf6 {[%clk
01:28:54]} {[%emt 00:01:24]} 7. g3 {[%clk 01:31:13]} {[%emt 00:00:30]} b6
{[%clk 01:27:25]} {[%emt 00:01:59]} 8. Bg2 {[%clk 01:30:48]} {[%emt 00:00:54]}
Bb7 {[%clk 01:26:58]} {[%emt 00:00:57]} 9. Rc1 {[%clk 01:29:44]} {[%emt
00:01:35]} O-O {[%clk 01:22:24]} {[%emt 00:05:05]} 10. O-O {[%clk 01:29:52]}
{[%emt 00:00:21]} c5 {[%clk 01:19:34]} {[%emt 00:03:21]} 11. Qb3 {[%clk
01:17:46]} {[%emt 00:12:36]} Qc7 {[%clk 01:07:23]} {[%emt 00:12:41]} 12. Qa3
{[%clk 01:09:59]} {[%emt 00:08:17]} Nbd7 {[%clk 01:06:02]} {[%emt 00:01:51]}
13. b4 {[%clk 01:09:17]} {[%emt 00:01:12]} dxc4 {[%clk 01:02:30]} {[%emt
00:04:02]} 14. bxc5 {[%clk 01:08:51]} {[%emt 00:00:56]} b5 {[%clk 01:02:40]}
{[%emt 00:00:20]} 15. Qb2 {[%clk 01:01:46]} {[%emt 00:07:35]} Rfe8 {[%clk
00:53:04]} {[%emt 00:10:06]} 16. Rfe1 {[%clk 00:58:59]} {[%emt 00:03:17]} Rab8
{[%clk 00:49:16]} {[%emt 00:04:17]} 17. e3 {[%clk 00:54:05]} {[%emt 00:05:23]}
e5 {[%clk 00:48:38]} {[%emt 00:01:08]} 18. Qb1 {[%clk 00:49:41]} {[%emt
00:04:54]} Qa5 {[%clk 00:36:51]} {[%emt 00:12:17]} 19. Qc2 {[%clk 00:36:55]}
{[%emt 00:13:16]} Rbd8 {[%clk 00:31:54]} {[%emt 00:05:28]} 20. Rb1 {[%clk
00:31:09]} {[%emt 00:06:16]} e4 {[%clk 00:20:46]} {[%emt 00:11:38]} 21. Ng5
{[%clk 00:23:56]} {[%emt 00:07:42]} Nxc5 {[%clk 00:20:48]} {[%emt 00:00:29]}
22. Nxc4 {[%clk 00:23:38]} {[%emt 00:00:48]} bxc4 {[%clk 00:20:33]} {[%emt
00:00:45]} 23. dxc5 {[%clk 00:23:59]} {[%emt 00:00:09]} Bd5 {[%clk 00:18:56]}
{[%emt 00:02:07]} 24. Red1 {[%clk 00:22:06]} {[%emt 00:02:23]} Qxc5 {[%clk
00:18:14]} {[%emt 00:01:13]} 25. Rd4 {[%clk 00:22:30]} {[%emt 00:00:05]} h6
{[%clk 00:14:47]} {[%emt 00:03:57]} 26. Nh3 {[%clk 00:22:47]} {[%emt 00:00:13]}
g5 {[%clk 00:14:18]} {[%emt 00:00:59]} 27. Qc3 {[%clk 00:22:41]} {[%emt
00:00:36]} Kg7 {[%clk 00:12:35]} {[%emt 00:02:12]} 28. Rbd1 {[%clk 00:22:48]}
{[%emt 00:00:23]} Rd6 {[%clk 00:07:58]} {[%emt 00:05:08]} 29. Bf1 {[%clk
00:22:27]} {[%emt 00:00:52]} Rc8 {[%clk 00:03:31]} {[%emt 00:04:57]} 30. Bxc4
{[%clk 00:20:26]} {[%emt 00:02:31]} Rdc6 {[%clk 00:03:43]} {[%emt 00:00:18]}
31. Rxd5 {[%clk 00:20:09]} {[%emt 00:00:47]} Qxc4 {[%clk 00:03:14]} {[%emt
00:00:59]} 32. Qa1 {[%clk 00:18:33]} {[%emt 00:02:05]} Qxd5 {[%clk 00:03:08]}
{[%emt 00:00:36]} 33. Rxd5 {[%clk 00:18:32]} {[%emt 00:00:31]} Rc1+ {[%clk
00:03:34]} {[%emt 00:00:04]} 34. Rd1 {[%clk 00:18:57]} {[%emt 00:00:05]} Rxa1
{[%clk 00:04:00]} {[%emt 00:00:05]} 35. Rxa1 {[%clk 00:19:22]} {[%emt
00:00:05]} Rc2 {[%clk 00:03:54]} {[%emt 00:00:36]} 36. a4 {[%clk 00:18:09]}
{[%emt 00:01:43]} Ng4 {[%clk 00:03:23]} {[%emt 00:01:01]} 37. Rd1 {[%clk
00:17:56]} {[%emt 00:00:42]} Ne5 {[%clk 00:03:05]} {[%emt 00:00:49]} 38. Kg2
{[%clk 00:12:56]} {[%emt 00:05:30]} Nd3 {[%clk 00:03:17]} {[%emt 00:00:18]} 39.
Ra1 {[%clk 00:12:45]} {[%emt 00:00:41]} g4 {[%clk 00:02:00]} {[%emt 00:01:47]}
40. Nf4 {[%clk 00:12:42]} {[%emt 00:00:32]} Nxf2 {[%clk 00:01:45]} {[%emt
00:00:45]} 41. Kg1 {[%clk 00:12:23]} {[%emt 00:00:50]} Nh3+ {[%clk 00:28:41]}
{[%emt 00:03:34]} 42. Nxh3 {[%clk 00:42:07]} {[%emt 00:00:45]} gxh3 {[%clk
00:29:07]} {[%emt 00:00:04]} 43. Rd1 {[%clk 00:41:50]} {[%emt 00:00:46]} Rg2+
{[%clk 00:29:08]} {[%emt 00:00:29]} 44. Kh1 {[%clk 00:42:17]} {[%emt 00:00:04]}
Ra2 {[%clk 00:27:12]} {[%emt 00:02:27]} 45. Kg1 {[%clk 00:42:29]} {[%emt
00:00:17]} Rxa4 {[%clk 00:23:23]} {[%emt 00:04:19]} 46. Rd6 {[%clk 00:42:41]}
{[%emt 00:00:18]} Ra1+ {[%clk 00:21:49]} {[%emt 00:02:04]} 47. Kf2 {[%clk
00:43:07]} {[%emt 00:00:04]} f5 {[%clk 00:19:13]} {[%emt 00:03:06]} 48. g4
{[%clk 00:40:52]} {[%emt 00:02:46]} fxg4 {[%clk 00:18:27]} {[%emt 00:01:16]}
49. Kg3 {[%clk 00:41:05]} {[%emt 00:00:16]} Rg1+ {[%clk 00:18:42]} {[%emt
00:00:15]} 50. Kh4 {[%clk 00:41:31]} {[%emt 00:00:04]} h5 {[%clk 00:14:00]}
{[%emt 00:05:12]} 51. Rxa6 {[%clk 00:41:11]} {[%emt 00:00:51]} Rg2 {[%clk
00:13:53]} {[%emt 00:00:36]} 52. Ra7+ {[%clk 00:40:12]} {[%emt 00:01:29]} Kf6
{[%clk 00:12:18]} {[%emt 00:02:05]} 53. Ra6+ {[%clk 00:40:39]} {[%emt
00:00:04]} Ke5 {[%clk 00:11:36]} {[%emt 00:01:11]} 54. Ra5+ {[%clk 00:41:04]}
{[%emt 00:00:05]} Ke6 {[%clk 00:11:50]} {[%emt 00:00:17]} 55. Rxh5 {[%clk
00:41:22]} {[%emt 00:00:12]} Kd6 {[%clk 00:10:04]} {[%emt 00:02:16]} 56. Rg5
{[%clk 00:39:37]} {[%emt 00:02:13]} Rxh2 {[%clk 00:10:10]} {[%emt 00:00:25]}
57. Rxg4 {[%clk 00:39:47]} {[%emt 00:00:21]} Kd5 {[%clk 00:10:25]} {[%emt
00:00:14]} 58. Rg1 {[%clk 00:38:38]} {[%emt 00:01:39]} Kc4 {[%clk 00:08:39]}
{[%emt 00:02:16]} 59. Kg3 {[%clk 00:39:02]} {[%emt 00:00:06]} Rg2+ {[%clk
00:08:41]} {[%emt 00:00:27]} 60. Rxg2 {[%clk 00:39:26]} {[%emt 00:00:05]} hxg2
{[%clk 00:09:08]} {[%emt 00:00:04]} 61. Kxg2 {[%clk 00:39:42]} {[%emt
00:00:14]} Kd3 {[%clk 00:09:25]} {[%emt 00:00:13]} 62. Kf2 {[%clk 00:39:58]}
{[%emt 00:00:14]} Kd2 {[%clk 00:09:44]} {[%emt 00:00:12]} 63. Kf1 {[%clk
00:40:23]} {[%emt 00:00:04]} Kxe3 {[%clk 00:10:10]} {[%emt 00:00:05]} 64. Ke1
{[%clk 00:40:45]} {[%emt 00:00:08]} Kf3 {[%clk 00:10:33]} {[%emt 00:00:07]} 65.
Kf1 {[%clk 00:41:12]} {[%emt 00:00:03]} e3 {[%clk 00:10:57]} {[%emt 00:00:05]}
0-1

[Event "Deutsche Ländermeisterschaft 2022"]
[Site "Wiesbaden GER"]
[Date "2022.10.01"]
[Round "2"]
[White "Aniol, Nico"]
[Black "Kocharin, Timur"]
[Result "0-1"]
[Termination "normal"]
[Board "6.4"]
[WhiteElo "1541"]
[BlackElo "1971"]
[WhiteClock "01:27:31"]
[BlackClock "00:16:47"]
[WhiteTeam "Thüringen"]
[BlackTeam "Württemberg"]
[PlyCount "222"]
[WhiteFideId "16287096"]
[BlackFideId "16240936"]
[EventCountry "GER"]
[EventRounds "7"]
[EventType "team-swiss"]
[EventDate "2022.09.30"]

1. e4 {[%clk 01:30:52]} {[%emt 00:00:07]} c6 {[%clk 01:30:31]} {[%emt
00:00:29]} 2. d4 {[%clk 01:30:59]} {[%emt 00:00:23]} d5 {[%clk 01:30:54]}
{[%emt 00:00:07]} 3. exd5 {[%clk 01:31:21]} {[%emt 00:00:09]} cxd5 {[%clk
01:31:07]} {[%emt 00:00:16]} 4. c4 {[%clk 01:31:35]} {[%emt 00:00:16]} Nf6
{[%clk 01:31:21]} {[%emt 00:00:16]} 5. Nc3 {[%clk 01:31:57]} {[%emt 00:00:08]}
g6 {[%clk 01:31:41]} {[%emt 00:00:11]} 6. Nf3 {[%clk 01:31:27]} {[%emt
00:00:59]} Bg7 {[%clk 01:31:37]} {[%emt 00:00:32]} 7. c5 {[%clk 01:30:43]}
{[%emt 00:01:16]} O-O {[%clk 01:30:12]} {[%emt 00:01:55]} 8. Be3 {[%clk
01:29:57]} {[%emt 00:01:16]} Nc6 {[%clk 01:27:30]} {[%emt 00:03:12]} 9. Bb5
{[%clk 01:30:06]} {[%emt 00:00:20]} Bf5 {[%clk 01:21:11]} {[%emt 00:06:49]} 10.
Bxc6 {[%clk 01:27:47]} {[%emt 00:02:50]} bxc6 {[%clk 01:21:38]} {[%emt
00:00:03]} 11. O-O {[%clk 01:28:09]} {[%emt 00:00:07]} Nd7 {[%clk 01:20:37]}
{[%emt 00:01:31]} 12. Bf4 {[%clk 01:26:22]} {[%emt 00:02:18]} f6 {[%clk
01:15:29]} {[%emt 00:05:37]} 13. Re1 {[%clk 01:24:47]} {[%emt 00:02:05]} Bg4
{[%clk 01:11:50]} {[%emt 00:04:09]} 14. h3 {[%clk 01:18:15]} {[%emt 00:07:03]}
Bxf3 {[%clk 01:11:52]} {[%emt 00:00:28]} 15. Qxf3 {[%clk 01:18:38]} {[%emt
00:00:07]} e5 {[%clk 01:11:56]} {[%emt 00:00:26]} 16. Be3 {[%clk 01:19:04]}
{[%emt 00:00:04]} f5 {[%clk 01:10:56]} {[%emt 00:01:30]} 17. dxe5 {[%clk
01:14:55]} {[%emt 00:04:39]} Nxe5 {[%clk 01:10:01]} {[%emt 00:01:23]} 18. Qd1
{[%clk 01:15:07]} {[%emt 00:00:20]} Nc4 {[%clk 01:02:35]} {[%emt 00:07:56]} 19.
Na4 {[%clk 01:11:29]} {[%emt 00:04:09]} Nxb2 {[%clk 00:54:23]} {[%emt
00:08:42]} 20. Nxb2 {[%clk 01:11:53]} {[%emt 00:00:05]} Bxb2 {[%clk 00:54:48]}
{[%emt 00:00:04]} 21. Rb1 {[%clk 01:12:20]} {[%emt 00:00:05]} Bc3 {[%clk
00:54:13]} {[%emt 00:01:03]} 22. Re2 {[%clk 01:12:43]} {[%emt 00:00:08]} Qc7
{[%clk 00:48:03]} {[%emt 00:06:41]} 23. Bd4 {[%clk 01:10:44]} {[%emt 00:02:28]}
Bxd4 {[%clk 00:47:35]} {[%emt 00:00:58]} 24. Qxd4 {[%clk 01:11:10]} {[%emt
00:00:04]} Rfe8 {[%clk 00:45:52]} {[%emt 00:02:12]} 25. Rbe1 {[%clk 01:10:04]}
{[%emt 00:01:37]} Re4 {[%clk 00:44:42]} {[%emt 00:01:40]} 26. Rxe4 {[%clk
01:08:53]} {[%emt 00:01:42]} fxe4 {[%clk 00:43:16]} {[%emt 00:01:54]} 27. Rb1
{[%clk 01:05:48]} {[%emt 00:03:37]} Rb8 {[%clk 00:34:31]} {[%emt 00:09:14]} 28.
Rxb8+ {[%clk 01:04:02]} {[%emt 00:02:16]} Qxb8 {[%clk 00:34:48]} {[%emt
00:00:13]} 29. Qf6 {[%clk 01:04:24]} {[%emt 00:00:06]} Qc7 {[%clk 00:34:13]}
{[%emt 00:01:06]} 30. Qe6+ {[%clk 01:03:24]} {[%emt 00:01:31]} Kg7 {[%clk
00:34:16]} {[%emt 00:00:26]} 31. g4 {[%clk 01:03:47]} {[%emt 00:00:07]} Kf8
{[%clk 00:29:46]} {[%emt 00:05:22]} 32. Kg2 {[%clk 01:04:05]} a5 {[%clk
00:26:59]} {[%emt 00:03:07]} 33. a4 {[%clk 01:04:19]} {[%emt 00:00:17]} Kg7
{[%clk 00:26:14]} {[%emt 00:01:12]} 34. Kg1 {[%clk 01:02:35]} {[%emt 00:02:16]}
Qb7 {[%clk 00:18:44]} {[%emt 00:07:30]} 35. Kg2 {[%clk 01:02:56]} {[%emt
00:00:10]} Qc7 {[%clk 00:10:26]} {[%emt 00:09:18]} 36. Kg1 {[%clk 01:02:32]}
{[%emt 00:00:53]} Kh6 {[%clk 00:10:02]} {[%emt 00:00:53]} 37. Qd6 {[%clk
01:02:25]} {[%emt 00:00:39]} Qc8 {[%clk 00:08:07]} {[%emt 00:02:24]} 38. Qf6
{[%clk 01:02:38]} {[%emt 00:00:18]} Qd7 {[%clk 00:07:40]} {[%emt 00:00:56]} 39.
Qe5 {[%clk 00:59:07]} {[%emt 00:04:01]} Qf7 {[%clk 00:05:29]} {[%emt 00:02:40]}
40. Qd6 {[%clk 00:57:43]} {[%emt 00:01:56]} Kg5 {[%clk 00:02:41]} {[%emt
00:03:17]} 41. Qe5+ {[%clk 00:57:57]} {[%emt 00:00:16]} Kh6 {[%clk 00:03:03]}
{[%emt 00:00:08]} 42. Qd6 {[%clk 00:58:24]} {[%emt 00:00:04]} Qf3 {[%clk
00:27:09]} {[%emt 00:06:24]} 43. Qxc6 {[%clk 01:27:17]} {[%emt 00:01:37]} d4
{[%clk 00:26:10]} {[%emt 00:01:28]} 44. Qd5 {[%clk 01:27:02]} {[%emt 00:00:45]}
Qd1+ {[%clk 00:23:23]} {[%emt 00:03:17]} 45. Kg2 {[%clk 01:27:18]} {[%emt
00:00:16]} Qf3+ {[%clk 00:20:35]} {[%emt 00:03:17]} 46. Kg1 {[%clk 01:27:43]}
{[%emt 00:00:05]} d3 {[%clk 00:20:26]} {[%emt 00:00:39]} 47. c6 {[%clk
01:28:09]} {[%emt 00:00:05]} Qd1+ {[%clk 00:08:47]} {[%emt 00:12:09]} 48. Kg2
{[%clk 01:28:32]} {[%emt 00:00:06]} Qf3+ {[%clk 00:06:20]} {[%emt 00:02:58]}
49. Kg1 {[%clk 01:28:57]} {[%emt 00:00:05]} Qe2 {[%clk 00:06:35]} {[%emt
00:00:15]} 50. c7 {[%clk 01:28:34]} {[%emt 00:00:53]} d2 {[%clk 00:05:16]}
{[%emt 00:01:49]} 51. Qxd2+ {[%clk 01:29:01]} {[%emt 00:00:04]} Qxd2 {[%clk
00:05:41]} {[%emt 00:00:05]} 52. c8=Q {[%clk 01:29:26]} {[%emt 00:00:04]} Qd1+
{[%clk 00:05:50]} {[%emt 00:00:21]} 53. Kg2 {[%clk 01:29:52]} {[%emt 00:00:05]}
Qf3+ {[%clk 00:05:51]} {[%emt 00:00:29]} 54. Kg1 {[%clk 01:30:14]} {[%emt
00:00:08]} e3 {[%clk 00:05:51]} {[%emt 00:00:30]} 55. fxe3 {[%clk 01:28:31]}
{[%emt 00:02:13]} Qg3+ {[%clk 00:06:11]} {[%emt 00:00:10]} 56. Kf1 {[%clk
01:28:57]} {[%emt 00:00:04]} Qf3+ {[%clk 00:06:04]} {[%emt 00:00:37]} 57. Kg1
{[%clk 01:29:20]} {[%emt 00:00:07]} Qxe3+ {[%clk 00:06:30]} {[%emt 00:00:04]}
58. Kg2 {[%clk 01:29:40]} {[%emt 00:00:09]} Qe4+ {[%clk 00:06:50]} {[%emt
00:00:10]} 59. Kg3 {[%clk 01:30:07]} {[%emt 00:00:04]} Qe3+ {[%clk 00:06:39]}
{[%emt 00:00:40]} 60. Kg2 {[%clk 01:30:31]} {[%emt 00:00:05]} Qd2+ {[%clk
00:06:56]} {[%emt 00:00:14]} 61. Kg3 {[%clk 01:29:54]} {[%emt 00:01:07]} Qd6+
{[%clk 00:06:47]} {[%emt 00:00:40]} 62. Kg2 {[%clk 01:29:37]} {[%emt 00:00:44]}
Qd5+ {[%clk 00:07:08]} {[%emt 00:00:11]} 63. Kg3 {[%clk 01:29:43]} {[%emt
00:00:24]} Qb3+ {[%clk 00:07:32]} {[%emt 00:00:06]} 64. Kg2 {[%clk 01:30:07]}
{[%emt 00:00:07]} Qxa4 {[%clk 00:07:46]} {[%emt 00:00:16]} 65. Qf8+ {[%clk
01:30:29]} {[%emt 00:00:07]} Kg5 {[%clk 00:08:14]} {[%emt 00:00:03]} 66. Qe7+
{[%clk 01:30:42]} {[%emt 00:00:16]} Kf4 {[%clk 00:08:36]} {[%emt 00:00:08]} 67.
Qf6+ {[%clk 01:29:45]} {[%emt 00:01:27]} Ke3 {[%clk 00:08:53]} {[%emt
00:00:14]} 68. Qc3+ {[%clk 01:29:26]} {[%emt 00:00:48]} Ke4 {[%clk 00:09:14]}
{[%emt 00:00:07]} 69. Qf3+ {[%clk 01:29:45]} {[%emt 00:00:13]} Ke5 {[%clk
00:09:38]} {[%emt 00:00:07]} 70. Qc3+ {[%clk 01:30:07]} {[%emt 00:00:07]} Kd5
{[%clk 00:09:50]} {[%emt 00:00:19]} 71. Qd3+ {[%clk 01:30:16]} {[%emt
00:00:21]} Kc5 {[%clk 00:09:46]} {[%emt 00:00:35]} 72. Qc3+ {[%clk 01:30:39]}
{[%emt 00:00:06]} Kd5 {[%clk 00:10:05]} {[%emt 00:00:12]} 73. Qd3+ {[%clk
01:31:02]} {[%emt 00:00:07]} Ke5 {[%clk 00:09:35]} {[%emt 00:01:00]} 74. Qc3+
{[%clk 01:31:23]} {[%emt 00:00:09]} Kd6 {[%clk 00:09:50]} {[%emt 00:00:14]} 75.
Qf6+ {[%clk 01:31:46]} {[%emt 00:00:08]} Kc7 {[%clk 00:10:03]} {[%emt
00:00:15]} 76. Qe7+ {[%clk 01:32:08]} {[%emt 00:00:10]} Qd7 {[%clk 00:10:28]}
{[%emt 00:00:05]} 77. Qe5+ {[%clk 01:32:28]} {[%emt 00:00:09]} Kb6 {[%clk
00:10:54]} {[%emt 00:00:05]} 78. Qb2+ {[%clk 01:32:42]} {[%emt 00:00:13]} Ka7
{[%clk 00:11:02]} {[%emt 00:00:24]} 79. Qf2+ {[%clk 01:33:00]} {[%emt
00:00:12]} Kb8 {[%clk 00:11:17]} {[%emt 00:00:15]} 80. Qf4+ {[%clk 01:32:56]}
{[%emt 00:00:34]} Qc7 {[%clk 00:11:35]} {[%emt 00:00:12]} 81. Qf8+ {[%clk
01:32:26]} {[%emt 00:00:59]} Kb7 {[%clk 00:11:59]} {[%emt 00:00:08]} 82. Qa3
{[%clk 01:32:20]} {[%emt 00:00:28]} Qe5 {[%clk 00:11:53]} {[%emt 00:00:43]} 83.
Qb3+ {[%clk 01:32:35]} {[%emt 00:00:14]} Kc6 {[%clk 00:11:47]} {[%emt
00:00:37]} 84. Qc4+ {[%clk 01:32:51]} {[%emt 00:00:13]} Kd7 {[%clk 00:11:46]}
{[%emt 00:00:31]} 85. Qf7+ {[%clk 01:32:41]} {[%emt 00:00:38]} Kd6 {[%clk
00:11:16]} {[%emt 00:01:03]} 86. Qf8+ {[%clk 01:32:45]} {[%emt 00:00:25]} Qe7
{[%clk 00:11:11]} {[%emt 00:00:35]} 87. Qf4+ {[%clk 01:32:51]} {[%emt
00:00:21]} Kc6 {[%clk 00:11:36]} {[%emt 00:00:09]} 88. Qc4+ {[%clk 01:33:16]}
{[%emt 00:00:05]} Qc5 {[%clk 00:11:54]} {[%emt 00:00:11]} 89. Qa6+ {[%clk
01:33:32]} {[%emt 00:00:13]} Kc7 {[%clk 00:12:11]} {[%emt 00:00:14]} 90. Qd3
{[%clk 01:32:47]} {[%emt 00:01:15]} Qc6+ {[%clk 00:12:39]} {[%emt 00:00:03]}
91. Kg1 {[%clk 01:32:42]} {[%emt 00:00:29]} a4 {[%clk 00:12:53]} {[%emt
00:00:21]} 92. Qa3 {[%clk 01:32:34]} {[%emt 00:00:37]} Kb6 {[%clk 00:13:03]}
{[%emt 00:00:21]} 93. Kf1 {[%clk 01:31:27]} {[%emt 00:01:36]} Kb5 {[%clk
00:12:54]} {[%emt 00:00:40]} 94. Qb2+ {[%clk 01:31:40]} {[%emt 00:00:18]} Ka6
{[%clk 00:13:14]} {[%emt 00:00:10]} 95. Qa3 {[%clk 01:32:01]} {[%emt 00:00:06]}
Ka5 {[%clk 00:13:43]} {[%emt 00:00:04]} 96. Ke1 {[%clk 01:30:44]} {[%emt
00:01:46]} Qe4+ {[%clk 00:14:03]} {[%emt 00:00:09]} 97. Kd1 {[%clk 01:29:45]}
{[%emt 00:01:28]} Qb4 {[%clk 00:13:58]} {[%emt 00:00:37]} 98. Qc1 {[%clk
01:29:25]} {[%emt 00:00:40]} Qd4+ {[%clk 00:14:17]} {[%emt 00:00:22]} 99. Ke2
{[%clk 01:29:43]} {[%emt 00:00:12]} Kb4 {[%clk 00:14:40]} {[%emt 00:00:07]}
100. Qb1+ {[%clk 01:27:38]} {[%emt 00:02:35]} Ka3 {[%clk 00:15:00]} {[%emt
00:00:10]} 101. Kf1 {[%clk 01:27:40]} {[%emt 00:00:24]} Qc3 {[%clk 00:14:23]}
{[%emt 00:01:10]} 102. Kg1 {[%clk 01:26:48]} {[%emt 00:01:21]} Qg3+ {[%clk
00:14:20]} {[%emt 00:00:36]} 103. Kh1 {[%clk 01:27:10]} {[%emt 00:00:07]} Qxh3+
{[%clk 00:14:45]} {[%emt 00:00:05]} 104. Kg1 {[%clk 01:27:37]} {[%emt
00:00:03]} Qxg4+ {[%clk 00:15:10]} {[%emt 00:00:05]} 105. Kh1 {[%clk 01:28:06]}
Qd4 {[%clk 00:15:06]} {[%emt 00:00:34]} 106. Qe1 {[%clk 01:27:10]} {[%emt
00:01:21]} Ka2 {[%clk 00:15:14]} {[%emt 00:00:27]} 107. Qf2+ {[%clk 01:27:33]}
{[%emt 00:00:08]} Qb2 {[%clk 00:15:39]} {[%emt 00:00:04]} 108. Qf7+ {[%clk
01:27:48]} {[%emt 00:00:15]} Ka1 {[%clk 00:16:01]} {[%emt 00:00:08]} 109. Qxh7
{[%clk 01:27:18]} {[%emt 00:01:01]} a3 {[%clk 00:16:17]} {[%emt 00:00:14]} 110.
Qh4 {[%clk 01:27:06]} {[%emt 00:00:40]} a2 {[%clk 00:16:22]} {[%emt 00:00:27]}
111. Qf2 {[%clk 01:27:31]} {[%emt 00:00:04]} Kb1 {[%clk 00:16:47]} {[%emt
00:00:05]} 0-1